000 00295nam a22001217a 4500
008 170220b xxu||||| |||| 00| 0 eng d
041 _aeng
080 _21ST
_a615
100 _a5
101 _aSHF
245 _aPSYSICIANS' DRUG REFERENCE FOR NONPRESCRIPTION DRUGS
_cLEVINE, J.M
942 _2udc
_cBK
999 _c5861
_d5861